000 00812nam a22002777a 4500
003 CHAP
005 20220329134106.0
008 971013s1964 r 00010 d
010 _a15251
011 _a16223
035 _a20302
040 _cCHAP
082 _a330.9
_bG74
100 0 0 _aGregor, Howard F.
_950605
245 _aGeografía económica y social
260 _aMéxico, D.F. :
_bEd. Continental,
_c1964
300 _a568 p.
_b:ilus
590 _aBATCH-UPD
_b10
_c20130110
_lUCH01
_h1330
590 _aBATCH-UPD
_b10
_c20130410
_lUCH01
_h0835
590 _aBATCH-UPD
_b10
_c20130914
_lUCH01
_h1539
590 _aCONVERSION
_b10
_c20130109
_lUCH01
_h1310
650 1 4 _aGeografía económica.
_947575
901 _aBK
942 _cLIBRO
949 _a330.9 G74
_bBC
_cLIBRO
_d-47341
_eLIBRO
_i20302
_sm
_t160.00
999 _c15251
_d15251